000 00709 a2200229 4500
005 20260323125113.0
008 260323b |||||||| |||| 00| 0 eng d
020 _a9789360625979 (hbk)
037 _cTB
040 _aCRL
_cCRL
041 _2URD
_aURD
084 _aO168v241 R5
_bCRL
100 _aGhayoor, Ghani
_91116012
245 _aPoonch Rajouri ka adabi manzar nama
260 _aNew Delhi, India:
_bEducational publishing house,
_c2025.
300 _a172p.
365 _b299.00
_cINR
650 _aUrdu Literature
650 _aHistory
942 _cTB
_2CC
_hO168v241 R5
999 _c1679738
_d1679738